000 00499nam a2200169 i 4500
001 bg
100 1 _aBERNACKA, Jadwiga
245 0 _aOcena wybranych oczyszczalni ścieków :
_befektywność oczyszczania, energochłonność, koszty eksploatacji /
_cJ. Bernacka, L. Kalisz , L. Jethon.
260 _aWarszawa,
_c1991.
700 1 _aKALISZ, Liliana
700 1 _aJETHON, Lucyna
040 _cBPK
041 _apol
080 _a628.3
942 _cKS
008 s pl f |000 0 pol
999 _c29616
_d29616
856 _uhttp://koha.tu.koszalin.pl/cgi-bin/koha/opac-detail.pl?biblionumber=29616
_yKatalog online BPK